[Event "Excelsior June GM Norm"]
[Site "Toronto CAN"]
[Date "2023.06.19"]
[Round "2"]
[White "Jaferian, Koosha"]
[Black "Vettese, Nicholas"]
[Result "1/2-1/2"]
[WhiteElo "2201"]
[BlackElo "2283"]
[PlyCount "62"]
[GameId "2160767907141095"]
[EventDate "2023.06.18"]
[EventType "tourn"]
[EventRounds "9"]
[EventCountry "CAN"]
[SourceTitle "CBM 215 Extra"]
[Source "ChessBase"]
[SourceDate "2023.09.30"]
[SourceVersion "1"]
[SourceVersionDate "2023.09.30"]
[SourceQuality "1"]

1. e4 c5 2. c3 Nf6 3. e5 Nd5 4. Nf3 e6 5. d4 cxd4 6. cxd4 b6 7. Nc3 Nxc3 8. bxc3 Qc7 9. Bb5 Bb7 10. Bd2 Be7 11. O-O O-O 12. Re1 d6 13. Bd3 Nd7 14. exd6 Qxd6 15. a4 g6 16. a5 Bf6 17. Qe2 Bg7 18. axb6 axb6 19. Be4 Bxe4 20. Qxe4 Rac8 21. Reb1 e5 22. dxe5 Nxe5 23. Bf4 Nxf3+ 24. Qxf3 Qe6 25. Ra3 Qf5 26. Rxb6 Rfe8 27. Be3 Bd4 28. Qxf5 gxf5 29. Rb1 Bxe3 30. fxe3 Rxe3 31. Rf1 Rexc3 1/2-1/2

[Event "Excelsior June GM Norm"]
[Site "Toronto CAN"]
[Date "2023.06.20"]
[Round "3"]
[White "Vettese, Nicholas"]
[Black "Rozentalis, Eduardas"]
[Result "1/2-1/2"]
[WhiteElo "2283"]
[BlackElo "2528"]
[PlyCount "109"]
[GameId "2160767907141104"]
[EventDate "2023.06.18"]
[EventType "tourn"]
[EventRounds "9"]
[EventCountry "CAN"]
[SourceTitle "CBM 215 Extra"]
[Source "ChessBase"]
[SourceDate "2023.09.30"]
[SourceVersion "1"]
[SourceVersionDate "2023.09.30"]
[SourceQuality "1"]

1. e4 e6 2. d4 d5 3. Nc3 dxe4 4. Nxe4 Bd7 5. Nf3 Bc6 6. Bd3 Nd7 7. c3 Bxe4 8. Bxe4 c6 9. Nd2 Ngf6 10. Bf3 Qc7 11. O-O g6 12. Nc4 Bg7 13. a4 O-O 14. Re1 Nd5 15. Bg5 Rfe8 16. Bh4 Bh6 17. Bg3 Bf4 18. Qb3 Bxg3 19. hxg3 N5b6 20. a5 Nxc4 21. Qxc4 a6 22. b4 Rad8 23. Re2 Nf6 24. Rae1 Qd6 25. Qc5 Nd5 26. Rc1 Re7 27. Qxd6 Rxd6 28. g4 g5 29. g3 Kg7 30. Kf1 h6 31. Ke1 Red7 32. Re4 Nf6 33. Re5 Rd8 34. Rd1 Nd5 35. Kd2 Nxb4 36. Rb1 Nd5 37. Rxb7 R6d7 38. Rxd7 Rxd7 39. c4 Ne7 40. Kc3 Kf8 41. Re2 Rb7 42. Rb2 Rxb2 43. Kxb2 Ke8 44. Kc3 c5 45. Bb7 Kd7 46. Bxa6 cxd4+ 47. Kxd4 Nc6+ 48. Kc5 Kc7 49. Bb5 Nxa5 50. Kd4 f6 51. c5 Nb3+ 52. Kc4 Nd2+ 53. Kd3 Nb3 54. Kc4 Nd2+ 55. Kd3 1/2-1/2

[Event "Excelsior June GM Norm"]
[Site "Toronto CAN"]
[Date "2023.06.20"]
[Round "4"]
[White "Mendes, Aaron Reeve"]
[Black "Vettese, Nicholas"]
[Result "0-1"]
[WhiteElo "1994"]
[BlackElo "2283"]
[PlyCount "72"]
[GameId "2160767907141105"]
[EventDate "2023.06.18"]
[EventType "tourn"]
[EventRounds "9"]
[EventCountry "CAN"]
[SourceTitle "CBM 215 Extra"]
[Source "ChessBase"]
[SourceDate "2023.09.30"]
[SourceVersion "1"]
[SourceVersionDate "2023.09.30"]
[SourceQuality "1"]

1. e4 c5 2. Nf3 e6 3. b3 b6 4. Bb2 Bb7 5. Nc3 Nc6 6. h3 Be7 7. d3 Bf6 8. Qd2 d5 9. O-O-O Nge7 10. Re1 Bxc3 11. Qxc3 d4 12. Qd2 O-O 13. h4 e5 14. h5 a5 15. g4 a4 16. Kd1 axb3 17. axb3 Ra2 18. Qc1 Qd6 19. Nh4 Rfa8 20. Ke2 c4 21. dxc4 d3+ 22. Kf3 d2 23. Qd1 dxe1=N+ 24. Qxe1 Rxb2 25. Nf5 Nxf5 26. gxf5 Rxc2 27. Rg1 Nd4+ 28. Kg3 Qh6 29. Qe3 Qf4+ 30. Qxf4 exf4+ 31. Kxf4 Rxf2+ 32. Ke3 Rf3+ 33. Kxd4 Rd8+ 34. Ke5 f6+ 35. Ke6 Kf8 36. h6 Bc8# 0-1

[Event "Excelsior June GM Norm"]
[Site "Toronto CAN"]
[Date "2023.06.21"]
[Round "5"]
[White "Vettese, Nicholas"]
[Black "Noritsyn, Nikolay"]
[Result "1/2-1/2"]
[WhiteElo "2283"]
[BlackElo "2462"]
[PlyCount "159"]
[GameId "2160767907141114"]
[EventDate "2023.06.18"]
[EventType "tourn"]
[EventRounds "9"]
[EventCountry "CAN"]
[SourceTitle "CBM 215 Extra"]
[Source "ChessBase"]
[SourceDate "2023.09.30"]
[SourceVersion "1"]
[SourceVersionDate "2023.09.30"]
[SourceQuality "1"]

1. e4 e6 2. d4 d5 3. Nd2 c5 4. exd5 Qxd5 5. Ngf3 cxd4 6. Bc4 Qd6 7. O-O Nf6 8. Nb3 Nc6 9. Nbxd4 Nxd4 10. Nxd4 Be7 11. b3 O-O 12. Bb2 Qf4 13. Qe2 Bd7 14. g3 Qh6 15. Nf5 exf5 16. Qxe7 Rae8 17. Qd6 Be6 18. Bxe6 Rxe6 19. Qc7 Ne4 20. Rad1 Rc6 21. Qxb7 f4 22. Qe7 Re6 23. Qh4 Qxh4 24. gxh4 Rg6+ 25. Kh1 f3 26. Bd4 Rc8 27. c4 Ra6 28. a4 h6 29. h5 Rb8 30. Rg1 Rd6 31. Bxa7 Rxb3 32. Rxd6 Nxd6 33. Ra1 Nxc4 34. h3 Rb7 35. Bd4 Na5 36. Bc3 Ra7 37. Kh2 Ra6 38. Rg1 f6 39. Rb1 Kf7 40. Rb5 Nc4 41. a5 Ke6 42. Rb4 Kd5 43. Kg3 Kc5 44. Ra4 Kb5 45. Rb4+ Kc5 46. Kxf3 Rd6 47. Kg2 Nxa5 48. Rg4 Nc4 49. Rxg7 Kd5 50. Rg6 Ke4 51. Rxh6 Kf5 52. Rg6 Rc6 53. Rg7 Nd6 54. Bd2 Rc8 55. h6 Rh8 56. h7 Ke6 57. Bc3 Ne4 58. Ba1 Nd6 59. Rg6 Rxh7 60. Rxf6+ Kd5 61. Rf4 Ke6 62. Rf6+ Kd5 63. Bb2 Rg7+ 64. Kf3 Rh7 65. Kg2 Rg7+ 66. Kh2 Rg8 67. h4 Rc8 68. Kg2 Rc2 69. Ba3 Ne4 70. Rf8 Ke6 71. h5 Rc7 72. h6 Rh7 73. Bc1 Nd6 74. Ra8 Nf7 75. Ra6+ Kf5 76. Kg3 Rh8 77. Kh4 Rg8 78. Bb2 Rg4+ 79. Kh3 Ng5+ 80. Kh2 1/2-1/2

[Event "Excelsior June GM Norm"]
[Site "Toronto CAN"]
[Date "2023.06.21"]
[Round "6"]
[White "Nagy, Gabor"]
[Black "Vettese, Nicholas"]
[Result "1-0"]
[WhiteElo "2468"]
[BlackElo "2283"]
[PlyCount "61"]
[GameId "2160767907141117"]
[EventDate "2023.06.18"]
[EventType "tourn"]
[EventRounds "9"]
[EventCountry "CAN"]
[SourceTitle "CBM 215 Extra"]
[Source "ChessBase"]
[SourceDate "2023.09.30"]
[SourceVersion "1"]
[SourceVersionDate "2023.09.30"]
[SourceQuality "1"]

1. e4 c5 2. Nf3 e6 3. Nc3 a6 4. d4 cxd4 5. Nxd4 Qc7 6. Bd3 Nc6 7. Nxc6 dxc6 8. O-O e5 9. f4 Nf6 10. Kh1 Nd7 11. f5 Nc5 12. a4 Nxd3 13. Qxd3 a5 14. Qg3 f6 15. Be3 b6 16. Rfd1 Rb8 17. Ne2 Ba6 18. Nf4 Bc4 19. Ne6 Qe7 20. Qg4 Kf7 21. Qh5+ Kg8 22. Nxf8 Kxf8 23. Rd2 Rd8 24. Rad1 Rxd2 25. Rxd2 c5 26. Qd1 Ke8 27. b4 axb4 28. a5 bxa5 29. Bxc5 Qc7 30. Rd6 Bb5 31. Re6+ 1-0

[Event "Excelsior June GM Norm"]
[Site "Toronto CAN"]
[Date "2023.06.22"]
[Round "7"]
[White "Vettese, Nicholas"]
[Black "Almeida Quintana, Omar"]
[Result "0-1"]
[WhiteElo "2283"]
[BlackElo "2520"]
[PlyCount "68"]
[GameId "2160767907141124"]
[EventDate "2023.06.18"]
[EventType "tourn"]
[EventRounds "9"]
[EventCountry "CAN"]
[SourceTitle "CBM 215 Extra"]
[Source "ChessBase"]
[SourceDate "2023.09.30"]
[SourceVersion "1"]
[SourceVersionDate "2023.09.30"]
[SourceQuality "1"]

1. e4 d6 2. d4 Nf6 3. Nc3 e5 4. Nge2 Nbd7 5. f3 c6 6. g4 h6 7. Be3 b5 8. d5 Bb7 9. dxc6 Bxc6 10. Nc1 a6 11. Nb3 Nb6 12. Na5 Bd7 13. Qd2 b4 14. Nd1 d5 15. exd5 Nbxd5 16. Nc4 Qc7 17. Bf2 Bb5 18. Nde3 Rd8 19. Nxd5 Rxd5 20. Qe2 Bc5 21. b3 Bxc4 22. Qxc4 Bxf2+ 23. Kxf2 Qb6+ 24. Kg3 O-O 25. Bd3 e4 26. Bxe4 Rd4 27. Qe2 Qd6+ 28. Kh3 h5 29. Rad1 hxg4+ 30. Kg2 Nh5 31. Rxd4 Qxd4 32. Qf2 Nf4+ 33. Kg3 Qd6 34. Kxg4 g6 0-1

[Event "Excelsior June GM Norm"]
[Site "Toronto CAN"]
[Date "2023.06.22"]
[Round "8"]
[White "Rodrigue-Lemieux, Shawn"]
[Black "Vettese, Nicholas"]
[Result "1/2-1/2"]
[WhiteElo "2469"]
[BlackElo "2283"]
[PlyCount "250"]
[GameId "2160767907141127"]
[EventDate "2023.06.18"]
[EventType "tourn"]
[EventRounds "9"]
[EventCountry "CAN"]
[SourceTitle "CBM 215 Extra"]
[Source "ChessBase"]
[SourceDate "2023.09.30"]
[SourceVersion "1"]
[SourceVersionDate "2023.09.30"]
[SourceQuality "1"]

1. d4 d5 2. Nf3 Nf6 3. h3 Bf5 4. c4 c6 5. Nbd2 h6 6. Qb3 Qc7 7. e3 Nbd7 8. Bd3 Bxd3 9. Qxd3 e6 10. O-O Be7 11. b3 O-O 12. Bb2 a5 13. a3 Rfe8 14. Rac1 Rad8 15. cxd5 exd5 16. Ne5 Nxe5 17. dxe5 Nd7 18. f4 Bc5 19. Rf3 Qb6 20. Rg3 Re6 21. Bd4 Bxd4 22. exd4 Rg6 23. Rxg6 fxg6 24. Re1 Nf8 25. e6 Re8 26. e7 Nh7 27. Qxg6 Qxd4+ 28. Kh1 Nf6 29. Nf3 Qxf4 30. Re6 Rb8 31. Rxf6 Qxf6 32. e8=Q+ Rxe8 33. Qxe8+ Kh7 34. Qe5 Qf8 35. a4 Qb4 36. Nd4 Qc3 37. Qf5+ Kh8 38. Ne6 b5 39. axb5 cxb5 40. Qxd5 a4 41. bxa4 bxa4 42. Qa8+ Kh7 43. Nf8+ Kg8 44. Nd7+ Kf7 45. Qd5+ Ke7 46. Nc5 Qc1+ 47. Kh2 Qf4+ 48. Kg1 Qe3+ 49. Kf1 a3 50. Qb7+ Kf6 51. Qb6+ Ke5 52. Nd7+ Ke4 53. Qb4+ Kd5 54. Nb6+ Kc6 55. Nc4 Qc1+ 56. Ke2 Qc2+ 57. Ke3 a2 58. Qd6+ Kb7 59. Qd7+ Kb8 60. Qd6+ Kb7 61. Qb6+ Kc8 62. Qc5+ Kd8 63. Qf8+ Kd7 64. Qxg7+ Ke8 65. Qe5+ Kf8 66. Nd2 Kg8 67. Qa1 Kh7 68. Ke2 Kg8 69. g4 Kh7 70. Qf6 Qa4 71. Qf7+ Kh8 72. Qf6+ Kh7 73. Qa1 Kg6 74. Kd3 Qa3+ 75. Kc2 Qxh3 76. Qxa2 Qxg4 77. Kd3 Qg3+ 78. Ke4 Qg4+ 79. Ke3 Qg1+ 80. Kd3 Qg3+ 81. Kd4 Qf2+ 82. Kd3 Qg3+ 83. Kc2 Kh7 84. Qd5 Qf2 85. Kd3 Qg3+ 86. Nf3 Qg6+ 87. Ke3 Qg3 88. Qd4 Kg8 89. Qf6 Qg7 90. Qe6+ Kh7 91. Ne5 Qg3+ 92. Kd4 Qf2+ 93. Kc3 Qc5+ 94. Kd3 Qb5+ 95. Kd4 Qb2+ 96. Kc5 Qa3+ 97. Kb6 Qb4+ 98. Kc7 Qc5+ 99. Kd7 Qa7+ 100. Ke8 Qb8+ 101. Ke7 Qb4+ 102. Kf7 Qf4+ 103. Ke8 Qa4+ 104. Nd7 Kg7 105. Qf6+ Kh7 106. Qf7+ Kh8 107. Qd5 Kg7 108. Qg2+ Kh7 109. Qd5 Kg6 110. Kf8 Qf4+ 111. Kg8 Qf5 112. Nf8+ Kg5 113. Qd4 Qg4 114. Qe5+ Kh4+ 115. Kh7 Qg5 116. Qh2+ Kg4 117. Qg2+ Kf5 118. Qe2 Qf6 119. Qd3+ Kg5 120. Qg3+ Kh5 121. Qh3+ Qh4 122. Qe6 Qf4 123. Qe8+ Kg4 124. Ng6 Qg5 125. Ne5+ Kf5 1/2-1/2

[Event "Excelsior June GM Norm"]
[Site "Toronto CAN"]
[Date "2023.06.23"]
[Round "9"]
[White "Vettese, Nicholas"]
[Black "Wang, Tianqi"]
[Result "1-0"]
[WhiteElo "2283"]
[BlackElo "2361"]
[PlyCount "155"]
[GameId "2160767907141134"]
[EventDate "2023.06.18"]
[EventType "tourn"]
[EventRounds "9"]
[EventCountry "CAN"]
[SourceTitle "CBM 215 Extra"]
[Source "ChessBase"]
[SourceDate "2023.09.30"]
[SourceVersion "1"]
[SourceVersionDate "2023.09.30"]
[SourceQuality "1"]

1. e4 c5 2. Nf3 e6 3. d4 cxd4 4. Nxd4 a6 5. Bd3 Bc5 6. Nb3 Ba7 7. Qe2 Nc6 8. Be3 d6 9. Nc3 Nf6 10. O-O-O b5 11. Bxa7 Rxa7 12. g4 O-O 13. f4 e5 14. g5 Ne8 15. f5 Qxg5+ 16. Kb1 Nf6 17. Rhg1 Qh6 18. Rdf1 Re7 19. Nd5 Ree8 20. Qg2 Nxd5 21. exd5 e4 22. Bxe4 Ne5 23. Rf4 Qf6 24. Qh3 Nc4 25. Qc3 Qxc3 26. bxc3 Re5 27. Bd3 Ne3 28. Nd4 Rfe8 29. Nc6 Nxd5 30. Rd4 Nxc3+ 31. Kb2 Na4+ 32. Ka3 Rc5 33. f6 g6 34. Rxd6 Kf8 35. Kb4 Rh5 36. Ne7 Rh4+ 37. Ka5 Be6 38. Rf1 Nc5 39. Kb6 Nd7+ 40. Kxa6 Nxf6 41. Nc6 Nd5 42. Kxb5 Rh5 43. Ra1 Ra8 44. a4 Ne7+ 45. Kb4 Rh4+ 46. c4 Nxc6+ 47. Rxc6 Rxh2 48. a5 Rb2+ 49. Kc5 Ke7 50. a6 Ra7 51. Rb6 Rc7+ 52. Rc6 Ra7 53. Be4 Rb8 54. Rb6 Rc8+ 55. Bc6 Bd7 56. Kd5 Be6+ 57. Kd4 Rcc7 58. c5 Bc8 59. Bd5 h5 60. Re1+ Kf8 61. Bc4 Rd7+ 62. Kc3 Rdc7 63. c6 h4 64. Kb4 h3 65. Ra1 g5 66. Bd5 Ke7 67. Kc5 f5 68. Kb5 Kd6 69. Rd1 g4 70. Rb7 Bxb7 71. cxb7 Rcxb7+ 72. axb7 Rxb7+ 73. Bxb7+ Ke5 74. Kc4 Kf4 75. Kd3 Kg3 76. Bc8 f4 77. Rg1+ Kf3 78. Bb7+ 1-0

[Event "Transnational op"]
[Site "Montreal CAN"]
[Date "2023.06.11"]
[Round "9.16"]
[White "Song, Edward"]
[Black "Vettese, Nicholas"]
[Result "1-0"]
[WhiteElo "2375"]
[BlackElo "2283"]
[PlyCount "101"]
[GameId "2160767907141440"]
[EventDate "2023.06.09"]
[EventType "swiss"]
[EventRounds "5"]
[EventCountry "CAN"]
[SourceTitle "CBM 214 Extra"]
[Source "ChessBase"]
[SourceDate "2023.07.31"]
[SourceVersion "1"]
[SourceVersionDate "2023.07.31"]
[SourceQuality "1"]

1. e4 c5 2. Nf3 e6 3. d4 cxd4 4. Nxd4 Nc6 5. Nc3 Qc7 6. Be3 a6 7. Qf3 Nf6 8. O-O-O Ne5 9. Qg3 h5 10. f4 h4 11. Qh3 Nc4 12. e5 Ng4 13. Bg1 Nh6 14. Bxc4 Qxc4 15. Qxh4 b5 16. Kb1 Bb7 17. Bf2 Rc8 18. Rhg1 Be7 19. Qh3 f5 20. exf6 Bxf6 21. g4 Nf7 22. Qe3 b4 23. Nce2 Rxh2 24. g5 Be7 25. b3 Qc5 26. Qg3 Rxf2 27. Qxf2 Nd6 28. Qe3 Ne4 29. Rc1 Qa5 30. Rh1 Rc3 31. Rh8+ Bf8 32. Qg1 Rc5 33. Rd1 Qa3 34. Nxe6 dxe6 35. Rxf8+ Kxf8 36. Rd8+ Ke7 37. Qd4 Rd5 38. Rxd5 Bxd5 39. Qxg7+ Kd6 40. Qf8+ Kc7 41. Qe7+ Kb8 42. g6 Nd2+ 43. Ka1 Bxb3 44. Qd8+ Kb7 45. Qd7+ Kb6 46. Qd6+ Kb7 47. cxb3 Nxb3+ 48. Kb1 Na5 49. g7 Nc4 50. Qd7+ Kb6 51. Qd4+ 1-0

[Event "Transnational Crown"]
[Site "Montreal CAN"]
[Date "2023.06.06"]
[Round "1.10"]
[White "Almeida Quintana, Omar"]
[Black "Vettese, Nicholas"]
[Result "1-0"]
[WhiteElo "2520"]
[BlackElo "2283"]
[PlyCount "69"]
[GameId "2160767907141448"]
[EventDate "2023.06.06"]
[EventType "swiss"]
[EventRounds "9"]
[EventCountry "CAN"]

1. d4 Nf6 2. Nf3 d5 3. c4 c6 4. Nc3 e6 5. Qb3 Nbd7 6. Bf4 Be7 7. h3 O-O 8. e3 dxc4 9. Bxc4 b5 10. Be2 a6 11. Rd1 Qa5 12. O-O c5 13. Ne5 Bb7 14. Nxd7 Nxd7 15. d5 c4 16. Qc2 Nc5 17. dxe6 fxe6 18. Rd4 Bf6 19. Bd6 Bxd4 20. exd4 Nd7 21. Bxf8 Nxf8 22. a3 Rd8 23. Rd1 Qb6 24. Qd2 Ng6 25. Qe3 Nh4 26. Qg5 Nf5 27. d5 Rf8 28. Bg4 g6 29. d6 Nxd6 30. Bxe6+ Kg7 31. Qe7+ Nf7 32. Rd7 Bc6 33. Bxf7 Qxf2+ 34. Kxf2 Bxd7 35. Qxd7 1-0

[Event "Transnational Crown"]
[Site "Montreal CAN"]
[Date "2023.06.07"]
[Round "2.22"]
[White "Vettese, Nicholas"]
[Black "Golubeva, Oksana"]
[Result "1-0"]
[WhiteElo "2283"]
[BlackElo "2179"]
[PlyCount "87"]
[GameId "2160767907141478"]
[EventDate "2023.06.06"]
[EventType "swiss"]
[EventRounds "9"]
[EventCountry "CAN"]

1. e4 e6 2. d4 d5 3. Nd2 Be7 4. c3 c5 5. e5 Nc6 6. Ndf3 Qb6 7. Bd3 cxd4 8. cxd4 Bb4+ 9. Kf1 f6 10. a3 Be7 11. b4 Bd7 12. Ne2 Nh6 13. Bxh6 gxh6 14. b5 Na5 15. Nc3 Rc8 16. Ne2 Nc4 17. Bxc4 dxc4 18. a4 a6 19. Nc3 Qa5 20. Ne4 c3 21. Rc1 f5 22. Nd6+ Bxd6 23. exd6 O-O 24. Ne5 Qd8 25. Qb3 axb5 26. axb5 c2 27. h4 Rf6 28. Kg1 Be8 29. Qb4 Bh5 30. Rh3 f4 31. d7 Rc7 32. b6 Rxd7 33. Nxd7 Qxd7 34. Rxc2 Rf7 35. Rc7 Qd5 36. Qc5 Bg6 37. Qxd5 exd5 38. Ra3 Rf8 39. Rxb7 Bf7 40. Rc7 Re8 41. b7 Re1+ 42. Kh2 Rb1 43. Rc8+ Kg7 44. b8=Q 1-0

[Event "Transnational Crown"]
[Site "Montreal CAN"]
[Date "2023.06.08"]
[Round "3.12"]
[White "Vettese, Nicholas"]
[Black "Ortiz Suarez, Isan Reynaldo"]
[Result "1/2-1/2"]
[WhiteElo "2283"]
[BlackElo "2503"]
[PlyCount "87"]
[GameId "2160767907141493"]
[EventDate "2023.06.06"]
[EventType "swiss"]
[EventRounds "9"]
[EventCountry "CAN"]

1. e4 c5 2. Nf3 d6 3. d4 cxd4 4. Nxd4 Nf6 5. Nc3 a6 6. Nb3 e6 7. g4 b5 8. a3 Nc6 9. g5 Nd7 10. Be3 Be7 11. h4 O-O 12. f4 Nc5 13. Bg2 b4 14. axb4 Nxb3 15. cxb3 Nxb4 16. O-O Re8 17. f5 Bf8 18. f6 d5 19. exd5 exd5 20. fxg7 Bxg7 21. Nxd5 Bb7 22. Nf6+ Bxf6 23. Bxb7 Rxe3 24. gxf6 Rg3+ 25. Kf2 Qb8 26. Bxa8 Nd3+ 27. Ke2 Qe5+ 28. Kd2 Nxb2 29. Qf3 Rxf3 30. Bxf3 Qd4+ 31. Kc2 Nd3 32. Rad1 Nb4+ 33. Kb1 Qxf6 34. Bh5 Qxh4 35. Bxf7+ Kg7 36. Bc4 Qe4+ 37. Ka1 Qe5+ 38. Kb1 h5 39. Rde1 Qc3 40. Rg1+ Kf6 41. Rgf1+ Kg5 42. Rg1+ Kf6 43. Rgf1+ Kg5 44. Rg1+ 1/2-1/2

[Event "Transnational Crown"]
[Site "Montreal CAN"]
[Date "2023.06.09"]
[Round "5.9"]
[White "Bosiocic, Marin"]
[Black "Vettese, Nicholas"]
[Result "1-0"]
[WhiteElo "2543"]
[BlackElo "2283"]
[PlyCount "47"]
[GameId "2160767907190685"]
[EventDate "2023.06.06"]
[EventType "swiss"]
[EventRounds "9"]
[EventCountry "CAN"]

1. d4 Nf6 2. c4 c6 3. Nf3 d5 4. Nc3 e6 5. Bg5 h6 6. Bxf6 Qxf6 7. e3 Nd7 8. Be2 Qd8 9. O-O Be7 10. a3 a5 11. Rb1 dxc4 12. Bxc4 b5 13. Bd3 b4 14. axb4 Bxb4 15. Be4 Ra6 16. Na4 c5 17. dxc5 Nxc5 18. Nxc5 Bxc5 19. Rc1 Bd6 20. Bc6+ Ke7 21. Qd4 f6 22. Rfd1 e5 23. Qd3 Bb8 24. Qc4 1-0

[Event "Transnational Crown"]
[Site "Montreal CAN"]
[Date "2023.06.10"]
[Round "7.18"]
[White "Jaferian, Koosha"]
[Black "Vettese, Nicholas"]
[Result "1-0"]
[WhiteElo "2201"]
[BlackElo "2283"]
[PlyCount "65"]
[GameId "2160767907190735"]
[EventDate "2023.06.06"]
[EventType "swiss"]
[EventRounds "9"]
[EventCountry "CAN"]

1. e4 c5 2. c3 Nf6 3. e5 Nd5 4. Nf3 e6 5. d4 cxd4 6. cxd4 d6 7. Bc4 Nb6 8. Bd3 dxe5 9. dxe5 Na6 10. Qe2 Bb4+ 11. Nc3 Nc5 12. Bc2 Nd5 13. Bd2 Bxc3 14. bxc3 b6 15. c4 Ne7 16. Ng5 Bb7 17. Be3 Nf5 18. Rd1 Qc7 19. Bxf5 exf5 20. Bxc5 Qxc5 21. e6 Qb4+ 22. Kf1 Ba6 23. exf7+ Kf8 24. Qf3 Qxc4+ 25. Kg1 Rc8 26. Qxf5 Qc1 27. Qd5 g6 28. h4 Qb2 29. Rd4 Kg7 30. Ne6+ Kf6 31. Kh2 Bc4 32. Rxc4 Rxc4 33. Qxc4 1-0

[Event "Transnational Crown"]
[Site "Montreal CAN"]
[Date "2023.06.11"]
[Round "8.20"]
[White "Vettese, Nicholas"]
[Black "Plotkin, Victor"]
[Result "1-0"]
[WhiteElo "2283"]
[BlackElo "2170"]
[PlyCount "85"]
[GameId "2160767907190758"]
[EventDate "2023.06.06"]
[EventType "swiss"]
[EventRounds "9"]
[EventCountry "CAN"]

1. e4 e5 2. Nf3 Nf6 3. Nxe5 d6 4. Nf3 Nxe4 5. d4 d5 6. Bd3 Be7 7. O-O O-O 8. Re1 Nf6 9. h3 h6 10. Nbd2 c5 11. dxc5 Bxc5 12. a3 a5 13. b3 Qb6 14. Qe2 Nc6 15. Bb2 Nh5 16. Ne5 Nf4 17. Qf3 Nxe5 18. Qxf4 Nxd3 19. cxd3 Qg6 20. Qf3 Bf5 21. d4 Bd6 22. Qxd5 Bxh3 23. Nc4 Rad8 24. Qxb7 Rb8 25. Qe4 Bf5 26. Qf3 Bg4 27. Qc3 Rfc8 28. d5 Rxc4 29. bxc4 Rxb2 30. Qxb2 Bf3 31. Re8+ Kh7 32. Kf1 Qxg2+ 33. Ke1 Qg1+ 34. Kd2 Qxf2+ 35. Kc3 Qg3 36. Re3 Qf4 37. Rae1 Bc5 38. Qc2+ f5 39. Qd3 Bg4 40. Kb3 h5 41. Re6 Bd6 42. Rf1 Qh2 43. Rxf5 1-0

[Event "Transnational Rapid"]
[Site "Toronto CAN"]
[Date "2023.06.03"]
[Round "1.7"]
[White "Bartel, Mateusz"]
[Black "Vettese, Nicholas"]
[Result "1-0"]
[WhiteElo "2609"]
[BlackElo "2283"]
[PlyCount "105"]
[GameId "2160767907190842"]
[EventDate "2023.06.03"]
[EventType "swiss (rapid)"]
[EventRounds "11"]
[EventCountry "CAN"]
[SourceTitle "The Week in Chess 1492"]
[Source "Mark Crowther"]
[SourceDate "2023.06.12"]
[SourceVersion "1"]
[SourceVersionDate "2023.06.12"]
[SourceQuality "2"]

1. e4 c5 2. Nf3 e6 3. c3 Nf6 4. e5 Nd5 5. d4 cxd4 6. cxd4 d6 7. exd6 Bxd6 8. Nc3 Nxc3 9. bxc3 Qc7 10. Bd2 Nd7 11. Bd3 b6 12. Ng5 Bb7 13. Qe2 Nf6 14. Bb5+ Kf8 15. Kf1 h6 16. Nf3 Nd5 17. Rc1 Ba3 18. Rd1 Nxc3 19. Bxc3 Qxc3 20. h4 Rc8 21. Rh3 Qb2 22. Qxb2 Bxb2 23. Ne5 Bd5 24. Ba4 Ke7 25. Bb3 Rhd8 26. Rhd3 Bxb3 27. axb3 Rd5 28. Nc4 Bc1 29. Rxc1 b5 30. Ke2 bxc4 31. bxc4 Ra5 32. Rb3 Ra2+ 33. Ke3 Rc7 34. Rcc3 a5 35. c5 Ra7 36. Ra3 Rxa3 37. Rxa3 Kd7 38. Kd3 Kc6 39. Kc4 h5 40. f3 g6 41. g4 Ra8 42. g5 Ra7 43. f4 Ra8 44. Rb3 Ra6 45. Rd3 Ra7 46. f5 gxf5 47. d5+ exd5+ 48. Rxd5 a4 49. Rxf5 a3 50. Rf6+ Kb7 51. Rxf7+ Kb8 52. Rd7 Rb7 53. Rxb7+ 1-0

[Event "Ivy League Challenge"]
[Site "Toronto CAN"]
[Date "2023.03.24"]
[Round "1"]
[White "Balakrishnan, Praveen"]
[Black "Vettese, Nicholas"]
[Result "0-1"]
[WhiteElo "2523"]
[BlackElo "2278"]
[PlyCount "100"]
[GameId "2160767907254134"]
[EventDate "2023.03.24"]
[EventRounds "5"]
[EventCountry "CAN"]
[SourceTitle "10 Days #718"]
[Source "ChessMix"]
[SourceDate "2023.04.01"]
[SourceVersion "1"]
[SourceVersionDate "2023.04.01"]
[SourceQuality "1"]
[WhiteTeam "University of Chicago"]
[BlackTeam "University of Toronto - A"]

1. e4 c5 2. Nf3 e6 3. d4 cxd4 4. Nxd4 Nc6 5. Nc3 Qc7 6. Be3 a6 7. g4 b5 8. Nxc6 Qxc6 9. Qd2 Nf6 10. f3 d6 11. O-O-O Bb7 12. g5 Nd7 13. a3 Ne5 14. f4 Nc4 15. Bxc4 Qxc4 16. f5 Rc8 17. Rhf1 e5 18. Qd3 Qxd3 19. Rxd3 Rc4 20. b3 Rxe4 21. Nxe4 Bxe4 22. Rc3 d5 23. Bc5 Kd7 24. Bxf8 Rxf8 25. Rf2 f6 26. Rh3 fxg5 27. Rxh7 Rf7 28. Rh5 g6 29. Rxg5 gxf5 30. Rg6 f4 31. Rxa6 Rf5 32. h4 d4 33. Rg6 Bd5 34. Rg4 f3 35. Rg7+ Ke6 36. Rg6+ Kf7 37. Rd6 e4 38. Kd1 Ke7 39. Rb6 e3 40. Ke1 exf2+ 41. Kxf2 Be4 42. a4 Bxc2 43. Rb7+ Kd6 44. a5 d3 45. a6 d2 46. a7 d1=Q 47. Rb6+ Kc5 48. Rc6+ Kb4 49. a8=Q Qe2+ 50. Kg3 Qg2# 0-1

[Event "Ivy League Challenge"]
[Site "Toronto CAN"]
[Date "2023.03.24"]
[Round "2"]
[White "Vettese, Nicholas"]
[Black "Shih, Matthew"]
[Result "1/2-1/2"]
[WhiteElo "2278"]
[BlackElo "1976"]
[PlyCount "98"]
[GameId "2160767907254154"]
[EventDate "2023.03.24"]
[EventRounds "5"]
[EventCountry "CAN"]
[SourceTitle "10 Days #718"]
[Source "ChessMix"]
[SourceDate "2023.04.01"]
[SourceVersion "1"]
[SourceVersionDate "2023.04.01"]
[SourceQuality "1"]
[WhiteTeam "University of Toronto - A"]
[BlackTeam "University of Toronto - B"]

1. e4 e5 2. Nf3 Nc6 3. d4 exd4 4. Nxd4 Nf6 5. Nxc6 bxc6 6. Qe2 Bc5 7. e5 Nd5 8. c4 Nb6 9. Qg4 g6 10. Bg5 Be7 11. Bh6 d5 12. Qg3 Nxc4 13. Bxc4 dxc4 14. Nc3 Qd3 15. Qxd3 cxd3 16. O-O-O Bf5 17. h3 O-O-O 18. g4 Be6 19. f4 Bb4 20. Kd2 Rd5 21. Bg5 h5 22. Bf6 Rg8 23. Rhg1 hxg4 24. hxg4 Rd4 25. Ke3 Bc5 26. Kf3 Rb4 27. Rg2 Bd4 28. Rxd3 Bxc3 29. bxc3 Ra4 30. Rb2 Rxa2 31. Rb1 Bd5+ 32. Ke3 Ra4 33. Rb4 Rxb4 34. cxb4 Kd7 35. Ra3 Rb8 36. f5 gxf5 37. gxf5 Rxb4 38. Rxa7 Re4+ 39. Kd3 Rf4 40. Ra8 c5 41. Ra5 Rf3+ 42. Ke2 Rxf5 43. Rxc5 c6 44. Ra5 Rf4 45. Ke3 Re4+ 46. Kd3 Kc7 47. Ra7+ Kb6 48. Rxf7 Bxf7 49. Kxe4 Be6 1/2-1/2